Sinh hoạt lý luận

Zapisane w:
Opis bibliograficzny
Format: Książka
Język:Undetermined
Wydane: Hà Nội Học Viện chính trị Quốc gia Hồ Chí Minh. Học viện Chính trị Khu vực III 2019
Hasła przedmiotowe:
Etykiety: Dodaj etykietę
Nie ma etykietki, Dołącz pierwszą etykiete!
Thư viện lưu trữ: Trung tâm Học liệu Trường Đại học Cần Thơ
LEADER 00648nam a2200169Ia 4500
001 CTU_233933
008 210402s9999 xx 000 0 und d
082 |a 324 
082 |b S312 
245 0 |a Sinh hoạt lý luận 
245 0 |c Học Viện chính trị Quốc gia Hồ Chí Minh. Học viện Chính trị Khu vực III 
260 |a Hà Nội 
260 |b Học Viện chính trị Quốc gia Hồ Chí Minh. Học viện Chính trị Khu vực III 
260 |c 2019 
650 |a Communist parties,Lý luận chính trị 
904 |i T.Trang 
980 |a Trung tâm Học liệu Trường Đại học Cần Thơ